Sonora y Carranza (Record no. 3666)

MARC details
000 -CABECERA
campo de control de longitud fija 00779nam a2200253 a 4500
001 - NÚMERO DE CONTROL
campo de control BRCA_3939
005 - FECHA Y HORA DE LA ÚLTIMA TRANSACCIÓN
campo de control 20190320204502.0
008 - DATOS DE LONGITUD FIJA--INFORMACIÓN GENERAL
campo de control de longitud fija 120110s1921----mx-a######---#000-0#spa-#
041 ## - CÓDIGO DE LENGUA
Código de lengua del texto/banda sonora o título independiente spa
044 ## - CÓDIGO DEL PAÍS DE LA ENTIDAD EDITORA/PRODUCTORA
Código MARC del país mx
050 #4 - SIGNATURA TOPOGRÁFICA DE LA BIBLIOTECA DEL CONGRESO
Número de clasificación F1346
Número de documento/Ítem .V35 1921
100 1# - ENTRADA PRINCIPAL--NOMBRE DE PERSONA
Nombre de persona Valenzuela, Clodoveo.
9 (RLIN) 10250
245 10 - MENCIÓN DE TÍTULO
Título Sonora y Carranza
Mención de responsabilidad, etc. Clodoveo Valenzuela, Amado Chaverri Matamoros.
260 ## - PUBLICACIÓN, DISTRIBUCIÓN, ETC.
Lugar de publicación, distribución, etc. México
Nombre del editor, distribuidor, etc. Renacimiento
Fecha de publicación, distribución, etc. 1921
300 ## - DESCRIPCIÓN FÍSICA
Extensión x, 522 p.
Otras características físicas il.
Dimensiones 1921
500 ## - NOTA GENERAL
Nota general Incluye índice de ilustraciones: p. vii-x.
500 ## - NOTA GENERAL
Nota general C90
600 14 - PUNTO DE ACCESO ADICIONAL DE MATERIA--NOMBRE DE PERSONA
Nombre de persona Carranza, Venustiano
Fechas asociadas al nombre 1859-1920.
9 (RLIN) 10132
651 #4 - PUNTO DE ACCESO ADICIONAL DE MATERIA--NOMBRE GEOGRÁFICO
Nombre geográfico Sonora
Subdivisión de forma Historia
9 (RLIN) 10251
651 #4 - PUNTO DE ACCESO ADICIONAL DE MATERIA--NOMBRE GEOGRÁFICO
Nombre geográfico México
Subdivisión de forma Historia
Subdivisión general Revolución
Subdivisión cronológica 1910-1917.
9 (RLIN) 10045
700 1# - PUNTO DE ACCESO ADICIONAL--NOMBRE DE PERSONA
Nombre de persona Chaverri Matamoros, Amado
Término indicativo de función/relación coaut.
9 (RLIN) 10252
902 ## - CATALOGADOR
Iniciales GFM
942 ## - ELEMENTOS DE PUNTO DE ACCESO ADICIONAL (KOHA)
Fuente del sistema de clasificación o colocación Library of Congress Classification
Tipo de ítem Koha Libros
Holdings
Estado de retiro Estado de pérdida Estado dañado No para préstamo Localización permanente Ubicación/localización actual Fecha de adquisición Número de inventario Total de préstamos Signatura topográfica completa Código de barras Fecha visto por última vez Precio válido a partir de Tipo de ítem Koha
El ejemplar forma parte de la colección y puede ser consultado según las políticas vigentes.       Biblioteca del Museo Franz Mayer (Rogerio Casas-Alatriste) Biblioteca del Museo Franz Mayer (Rogerio Casas-Alatriste) 12/01/2010 C90   F1346 .V35 1921 (C90) 3936 22/03/2019 22/03/2019 Libros